| 000 | 00364nam a2200133Ia 4500 | ||
|---|---|---|---|
| 008 | 230917s9999||||xx |||||||||||||| ||und|| | ||
| 040 |
_e94715 _aMAIN |
||
| 041 | _aEnglish | ||
| 082 | _a616 G959P | ||
| 100 | _aGupta, Anup | ||
| 245 | 0 | _aProfile of acute poisonings with special reference to their etiological factors -Rohtak city | |
| 300 | _a70 p. | ||
| 942 | _cTH | ||
| 999 |
_c79458 _d79458 |
||